| 000 | 00414nam a2200157Ia 4500 | ||
|---|---|---|---|
| 008 | 230917s9999||||xx |||||||||||||| ||und|| | ||
| 020 | _cRS350 | ||
| 040 |
_e8511 _aMAIN |
||
| 041 | _aEnglish | ||
| 082 | _a327.116 J31A | ||
| 100 | _aSingh, Jasjit ,ed. | ||
| 245 | 0 | _aAsian security: Old pradigms and the new challange | |
| 260 |
_aNew Delhi _bLancer International _c1991 |
||
| 300 | _aviii, 421 p. | ||
| 942 | _cBK | ||
| 999 |
_c68810 _d68810 |
||